| 000 | 00542nam a22002057a 4500 | ||
|---|---|---|---|
| 003 | OSt | ||
| 005 | 20240522161708.0 | ||
| 008 | 240522b |||||||| |||| 00| 0 eng d | ||
| 020 | _a070853819 | ||
| 040 | _cDDC | ||
| 082 | _a537 KIP 1969 | ||
| 100 | _4KIP Arthur F. | ||
| 245 | _aFundamentals of Electricity and Magnetism | ||
| 250 | _aSecond Edition. | ||
| 260 |
_aUniversity of California, _bMcGraw-Hill, _c1969. |
||
| 300 |
_axxiii;630p, _bill, _c21cm. |
||
| 504 | _aAppendixes,Index | ||
| 650 |
_aPhysics _9809 |
||
| 942 |
_2ddc _cO_SHELF |
||
| 999 |
_c8345 _d8345 |
||